00392pab a2200133 454500008004000000100002700040245009300067260000900160300001300169362001200182650002700194650001100221773002600232180718b2003 xxu||||| |||| 00| 0 eng d aMahanta, Bhaskar Jyoti a`AASHWAS' an Assam police initiative for the welfare of children in a conflict situation c2003 ap.81-89. aJan-Mar aPolice - India - Assam aPolice aIndian Police Journal